000 00823nam a2200181Ia 4500
008 100921s9999 xx 000 0 und d
082 _b17811
_a617.7 थ 80
100 _aजयस्वाल जयनारायण.
245 _aचष्मा व नेत्ररोग चिकित्सा.
260 _bगोपाल-ग्रंथ गृह प्रकाशन, पुणे.
_c1980
300 _a68
_b---
365 _b6
520 _aतंत्रविज्ञान-नेत्रचिकित्सा.
630 _aचष्मा व नेत्ररोग चिकित्सा.
650 _aतंत्रविज्ञान-नेत्रचिकित्सा.
730 _aचष्मा व नेत्ररोग चिकित्सा.
942 _cBOOK
999 _c766924
_d766921